| 000 | 00739nam a2200253Ia 4500 | ||
|---|---|---|---|
| 003 | OSt | ||
| 005 | 20220918164720.0 | ||
| 006 | a|||||r|||| 00| 0 | ||
| 007 | ta | ||
| 008 | 220917b |||||||| |||| 00| 0 eng d | ||
| 020 | _a0714650226 (hbk) | ||
| 024 | _a157,797 | ||
| 037 | _cTextual | ||
| 040 |
_aARTS _cARTS _beng |
||
| 041 |
_2eng _aeng |
||
| 082 | _aY:492v, P0 (SC) | ||
| 245 | 0 |
_aAfter slavery _b emancipation and its discontents edited by Howard Temperley |
|
| 260 |
_aLondon _bFrank Cass _c2000 |
||
| 300 |
_a310p. _ccm. |
||
| 490 | _aStudies in slave and post-slave societies and cultures ISSN 1462-1770 | ||
| 650 | _aSOCIOLOGY | ||
| 942 |
_hY:492v, P0 (SC) _cTEXL _2CC |
||
| 999 |
_c126118 _d126118 |
||